U.S Presidents but I Drew Them - Statistics

General Stats
  • This quiz has been taken 47 times
  • The average score is 15 of 16
Answer Stats
Picture Answer % Correct
Barack Obama
100%
George Washington
100%
John F. Kennedy
100%
Bill Clinton
98%
Donald Trump
98%
Abraham Lincoln
95%
Joe Biden
95%
Richard Nixon
95%
Ronald Reagan
95%
Franklin D. Roosevelt
93%
George H. W. Bush
93%
George W. Bush
93%
Theodore Roosevelt
93%
Harry S. Truman
86%
Dwight D. Eisenhower
83%
William Howard Taft
60%
No matching quizzes found
Score Distribution
Percent of People with Each Score
Percentile by Number Answered
Your Score History
You have not taken this quiz